000 02440cam a22005894i 4500
003 PE-LiUPU
005 20250731170406.0
008 150617s r 000 0 d
020 _a8424935322
035 _a(Sirsi) i9788424935320
040 _aPE-LiUPU
_bspa
_cPE-LiUPU
_erda
049 _aPRUA
082 0 4 _a182
_bE28
_221
110 2 _aEditorial Gredos
245 1 4 _aLos filósofos presocráticos II /
_cEditorial Gredos.
264 1 _aMadrid :
_bGredos,
_c1985.
300 _a426 páginas ;
_c20 centímetros
336 _atext
_2rdacontent
337 _aunmediated
_2rdamedia
338 _avolume
_2rdacarrier
490 0 _aBiblioteca clásica Gredos ;
_v24
505 0 _aDatos biográficos de Zenón de Elea -- Escritos -- Doctrina -- Fragmentos probablemente auténticos -- Fragmento presumiblemente falso -- Datos biográficos de Meliso -- Escritos -- Naturaleza de lo que es -- Negación de la multiplicidad -- Lo divino -- Fragmentos probablemente auténticos -- Datos biográficos de Empédocles -- Escritos -- Orden y principios cósmicos -- Astronomía y Meteorología -- El hombre y demás seres vivientes -- El alma humana y el conocimiento -- La doctrina catártica -- Fragmentos probablemente auténticos -- Datos biográficos de Anaxágoras -- Obra -- Teologísmo y mecanicismo en Anaxágoras, según Platón y Aristóteles -- El proceso cósmico -- Astronomía -- Meteorología -- El hombre y los demás seres vivos -- Fragmentos probablemente auténticos -- Fragmento apócrifo.
526 _aSEG68
526 _aSEG70
526 _aSEG69
526 _aSEG67
526 _aSEG43
526 _aP144
526 _aP143
526 _aP131
526 _aP122
526 _aP120
526 _aP117
526 _aP112
526 _aP110
526 _aP106
526 _aP101
526 _aP80
526 _aP59
526 _aP54
526 _aP35
526 _aP33
526 _aP30
650 0 4 _aPresocráticos.
910 _ajck
_bjvq
_cjck
_d20150616
942 _2ddc
_cBOOK
949 _a182 E28
_wDEWEY
_c1
_i28058
_lCCODEBUL1
_mBUL
_r0
_sY
_tBOOK
_u2015-4-22
_xSALUD
_zUNKNOWN
_0COMPRA
_o.STAFF. Colección General
994 _aC0
_bPEPRU
596 _a1
999 _a182 E28
_wDEWEY
_c3311
_i28058
_d3311
_f2021-11-4
_g5
_lCCODEBUL1
_mBUL
_q1
_r0
_sY
_tBOOK
_u2015-4-22
_xBIBLIOTECA
_zUNKNOWN
_0COMPRA
_o.STAFF. Colección General
980 _81
_gALBERTO SANCHEZ Responsable de Automatización